Les pays du G7 - Statistiques

Statistiques générales
  • Ce quiz a été pris 100 fois
  • Le résultat moyen est 7 sur 7
Statistiques - réponses
Hint Réponse % Correct
4 France
100%
3 États-Unis
99%
1 Allemagne
98%
2 Canada
95%
5 Italie
95%
7 Royaume-Uni
95%
6 Japon
88%
Aucun quiz correspondant
Distribution des résultats
% des personnes avec chaque résultat
Percentile par nombre de réponses
Votre historique - résultats
Vous n’avez pas pris ce quiz